000 00736nam a2200229 a 4500
001 000024164
005 20200930022754.0
008 110119s1982 sp a 000 0 spa d
020 _a8471668181
040 _aDO-SdBNP
_bspa
_cBNPHU
041 1 7 _aspa
_heng
_2Código de idiomas MARC
082 _ann*
_bnn*
100 1 _aLeneman, Leah.
_949620
240 1 0 _aSlimming the vegetarian way.
_lEspañol
245 1 0 _aDieta vegetariana para adelgazar /
_cLeah Leneman ; traducción Andres Linares.
260 _aMadrid :
_bADAF,
_c1982.
300 _a95 p. :
_bil. ;
_c18 cm.
534 _aTítulo del original inglés :
_tSlimming the vegetarian way
500 _a"Plus Vitae".
700 1 _aLinares, Andres,
_etr.
_949621
049 _aBNGR
999 _c23658
_d23658